Advances in game theory /

Guardado en:
Otros Autores: Dresher, Melvin. (Editor ), Aumann, Robert J.
Formato: Libro
Idioma:English
Publicado: Princeton : Princeton University Press, 1964.
Series:Annals of mathematics studies ; 52.
Materias:
Etiquetas: Agregar Etiqueta
Sin Etiquetas, Sea el primero en etiquetar este registro!
LEADER 00825cam a22002291a 4500
001 MAT.inmabb005646
008 831216s1964####njua#####b####000#0#eng##
005 20130404085519.0
245 1 0 |a Advances in game theory /  |c edited by M. Dresher, L.S. Shapley [and] A.W. Tucker. [Contributors]: R.J. Aumann ... [et al.]. 
260 |a Princeton :  |b Princeton University Press,  |c 1964. 
300 |a x, 679 p. :  |b il. ;  |c 24 cm. 
490 1 |a Annals of mathematics studies ;  |v 52 
504 |a Incluye referencias bibliográficas. 
510 4 |a MR,  |c 28 #4952 
700 1 |a Dresher, Melvin.  |4 edt 
700 1 |a Aumann, Robert J. 
830 0 |a Annals of mathematics studies ;  |v 52. 
650 0 |a Game theory. 
084 |a 91Axx (91-06)  |2 msc2000 
010 |a  63009985  
040 |a DLC/ICU  |c ICU  |d DLC 
859 |h 91  |i Ad244  |p A-2885  |b BIB. MATEMATICA